000 00254nam a2200097Ia 4500
001 1195258
005 20250827021744.0
008 250824s9999 xx 000 0 und d
245 0 _aİKİ GENÇ KIZIN ROMANI
_cPERİHAN MAĞDEN
260 _bEVEREST YAYINLARI
999 _c1195258
_d1195258